Ciencia y mito en el analisis social: una critica a las categoréas marxistas de análisis

Gardado en:
Detalles Bibliográficos
Main Authors: Alvarez, José (Author), Atria Benaprés, Raúl (Author), Galofre, Fernando (Author), Urzúa, Raúl (Author), Zañartu U., Mario (Author)
Formato: Libro
Idioma:Lingua castelá
Publicado: Santiago Del Pacifico 1972
Subjects:
Tags: Engadir etiqueta
Sen Etiquetas, Sexa o primeiro en etiquetar este rexistro!

MARC

LEADER 00000cam a2200000 a 4500
001 UCZ5411
003 CL-VaPUC
008 951117e19720000CL |||||||||||||||||spa|d
082 0 4 |a 335.4  |b ALV  |2 21 
100 0 |a Alvarez, José  |e author  |9 349381 
700 0 |a Atria Benaprés, Raúl  |e author  |9 349382 
700 0 |a Galofre, Fernando  |e author  |9 349383 
700 0 |a Urzúa, Raúl  |e author  |9 349384 
700 0 |a Zañartu U., Mario  |e author  |9 349385 
245 1 0 |a Ciencia y mito en el analisis social: una critica a las categoréas marxistas de análisis 
300 |a 213 p 
942 |c BK 
945 |d 19951117 00:00:00  |a lriquelm 
260 |a Santiago  |b Del Pacifico  |c 1972 
650 0 |a Comunismo  |9 255588 
650 0 |a Esclavitud  |9 323605 
650 0 |a Poder político  |9 255509 
650 0 |a Responsabilidad del estado  |9 258115 
650 0 |a Ciencias sociales   |9 256351 
650 0 |a Estratificación social  |9 337692 
583 |a last modification  |c 20160729 04:05:46  |k Rodrigo Vera 
999 |c 241729  |d 241727 
952 |0 0  |1 0  |4 0  |6 335_400000000000000_ALV_1972  |7 0  |8 P  |9 254166  |a BIBEDU  |b BIBEDU  |c BIBEDU_PB  |d 2019-11-19  |i 1575511  |o 335.4 ALV 1972  |p 1575511  |r 2024-01-25  |w 2019-11-19  |y BK  |k FIL 
952 |0 0  |1 0  |4 0  |6 335_400000000000000_ALV_1972  |7 0  |8 A  |9 254167  |a BIBGIM  |b BIBGIM  |d 2019-11-19  |i 3276023  |o 335.4 ALV 1972  |p 3276023  |r 2025-01-15  |w 2019-11-19  |y BK  |k GIM 
952 |0 0  |1 0  |4 0  |6 335_400000000000000_ALV_1972  |7 0  |8 A  |9 254168  |a BIBHIS  |b BIBHIS  |d 2019-11-19  |i 1208659  |o 335.4 ALV 1972  |p 1208659  |r 2025-01-20  |w 2019-11-19  |y BK  |k HIS 
952 |0 0  |1 0  |3 erb  |4 0  |6 335_400000000000000_ALV_1972  |7 0  |8 A  |9 254169  |a BIBHIS  |b BIBHIS  |e Villagrán Garnham, Jorge  |i 5317770  |o 335.4 ALV 1972  |p 5317770  |r 2025-01-20  |w 2019-11-19  |y BK  |z Catalogado en:20160731  |k HIS